Vplyv verejného dlhu a jeho štruktúry na ekonomického rast vybraných vyspelých krajín

Odhad dopadu štruktúry verejného dlhu na ekonomický rast vybraných vyspelých krajín. Analýza dopadov zmeny štruktúry dlhu.

Gespeichert in:
Bibliographische Detailangaben
1. Verfasser: Murín, Martin
Format: Buchkapitel
Sprache:Slowakisch
Schlagworte:
Tags: Tag hinzufügen
Keine Tags, Fügen Sie das erste Tag hinzu!

MARC

LEADER 00000nla a2200000 4500
001 0243113
005 20240417075139.4
041 0 |a slo 
044 |a CZ 
245 1 0 |a Vplyv verejného dlhu a jeho štruktúry na ekonomického rast vybraných vyspelých krajín  |c Martin Murín 
520 |a Odhad dopadu štruktúry verejného dlhu na ekonomický rast vybraných vyspelých krajín. Analýza dopadov zmeny štruktúry dlhu. 
610 2 0 |a dlhy verejné 
610 2 0 |a rast hospodársky 
610 2 0 |a krajiny vyspelé 
610 2 0 |a analýza regresná 
610 2 0 |a modely ekonometrické 
100 1 |a Murín, Martin